Sadzby podmieňujú spravodlivé zdanenie

Saved in:
Bibliographic Details
Main Author: Zubaľová, Alena, 1959-
Format: Book Chapter
Language:Slovak
Subjects:
Tags: Add Tag
No Tags, Be the first to tag this record!

MARC

LEADER 00000naa$a2200000$$$4500
001 0107934
005 20240502072206.7
041 0 |a slo 
044 |a SK 
245 1 0 |a Sadzby podmieňujú spravodlivé zdanenie  |c Alena Zubaľová 
610 2 0 |a dane 
610 2 0 |a sadzby daňové 
610 2 0 |a zdaňovanie 
610 2 0 |a príjmy 
100 1 |a Zubaľová, Alena, 1959-